Οικονομική ιστορία της ελληνικής σταφίδας 1851-1912 : παραγωγή, διεθνής αγορά, διαμόρφωση τιμών, κρίση
Αποθηκεύτηκε σε:
| Κύριος συγγραφέας: | |
|---|---|
| Μορφή: | Βιβλίο |
| Γλώσσα: | Greek |
| Δημοσίευση: |
Αθήνα :
Εμπορική Τράπεζα Ελλάδος,
1988
|
| Σειρά: | Μελέτες νεοελληνικής ιστορίας ;
; 11 |
| Θέματα: | |
| Ετικέτες: |
Προσθήκη ετικέτας
Δεν υπάρχουν, Καταχωρήστε ετικέτα πρώτοι!
|
MARC
| LEADER | 00000cam a2200000 i 4500 | ||
|---|---|---|---|
| 001 | 1/91016 | ||
| 008 | 960726s1988 gr | ||| |||| ||gre|| | ||
| 035 | |a 1990 |b 1 |c Δωρεά |l 10053381 | ||
| 040 | |a GR-MY-UA |b gre |e aacr | ||
| 041 | 0 | |a gre | |
| 082 | 0 | |a 634.8 | |
| 100 | 1 | |a Πιζάνιας, Πέτρος, |d 1947- | |
| 245 | 1 | 0 | |a Οικονομική ιστορία της ελληνικής σταφίδας 1851-1912 : |b παραγωγή, διεθνής αγορά, διαμόρφωση τιμών, κρίση / |c Πέτρος Πιζάνιας |
| 260 | |a Αθήνα : |b Εμπορική Τράπεζα Ελλάδος, |c 1988 | ||
| 300 | |a 159 σ. |b εικ., πιν. | ||
| 490 | 1 | |a Μελέτες νεοελληνικής ιστορίας |v ; 11 | |
| 504 | |a Περιέχει βιβλιογραφία και ευρετήριο | ||
| 650 | 0 | 0 | |a Raisins |z Greece |x Economic aspects. |
| 650 | 0 | 0 | |a Raisins |z Greece |x History. |
| 830 | 0 | |a Μελέτες νεοελληνικής ιστορίας ; |v ; 11 | |
| 852 | |a INST |b CHIOS |e 19960726 |h 634.8 ΠΙΖ |p 005200008812 |q 005200008812 |t BK |y 0 | ||
| 852 | |a INST |b LESVOS |e 19991012 |h 338.1709495 ΠΙΖ |p 005100019355 |q 005100019355 |t BK |y 0 | ||
| 852 | |a INST |b RHODES |e 19970127 |h 338.1709495 ΠΙΖ |p 005400010515 |q 005400010515 |t BK |y 0 | ||
| 901 | |a BIBL1-1999-3 | ||
| 909 | |a Χ |b 015730 | ||
| 909 | |a Ρ |b 017401 | ||
| 909 | |a Λ |b 069429 | ||
| 970 | |a ΜΟΥΣΤΑΚΑ |b ΠΗΝΕΛΟΠΗ |z 1999/10/12 | ||